[Event "Ennis op"]
[Site "Ennis"]
[Date "2018.05.13"]
[Round "5"]
[White "Hristodorescu, Daniel"]
[Black "Valdes Escobar, Alvaro Daniel"]
[Result "1-0"]
[WhiteElo "2252"]
[BlackElo "2360"]
[PlyCount "125"]
[EventDate "2018.05.11"]
[EventType "swiss"]
[EventRounds "6"]
[EventCountry "IRL"]
[SourceTitle "OM OTB B 201907"]
[Source "Opening Master"]
[SourceDate "2019.07.06"]
[SourceVersion "2"]
[SourceVersionDate "2019.07.06"]
[SourceQuality "1"]

1. e4 c5 2. Nf3 d6 3. d4 cxd4 4. Nxd4 Nf6 5. Nc3 Nc6 6. Be2 e5 7. Nb3 Be7 8.
O-O O-O 9. Be3 a5 10. a4 Nb4 11. Kh1 d5 12. exd5 Bf5 13. Rc1 Nfxd5 14. Nxd5
Nxd5 15. Bc5 Bxc5 16. Nxc5 Qd6 17. Bf3 Qxc5 18. Qxd5 Rfc8 19. c4 Be6 20. Qxc5
Rxc5 21. b3 Kf8 22. Rc3 Rb8 23. Re3 b6 24. Rd1 Ke7 25. g4 Rd8 26. Rxd8 Kxd8 27.
Kg2 Ke7 28. Kf1 f6 29. Ke2 g6 30. Kd2 f5 31. gxf5 gxf5 32. Kc3 Kf6 33. Bd1 Rc7
34. Rh3 Rg7 35. Rh6+ Ke7 36. f4 Kd6 37. Bf3 exf4 38. Kd4 Rg1 39. Rxh7 Rb1 40.
Rh6 Ke7 41. Ke5 Re1+ 42. Kxf4 Rb1 43. Ke5 Re1+ 44. Kd4 Rb1 45. Bd5 Bxd5 46.
cxd5 Rxb3 47. Ke5 b5 48. d6+ Kd7 49. Rh7+ Kc6 50. axb5+ Rxb5+ 51. Ke6 Rb2 52.
Rc7+ Kb6 53. Rc8 Rxh2 54. d7 Rd2 55. d8=Q+ Rxd8 56. Rxd8 Kc5 57. Kxf5 a4 58.
Ke4 Kc4 59. Rc8+ Kb3 60. Kd3 a3 61. Rb8+ Ka2 62. Kc2 Ka1 63. Kb3 1-0

[Event "XX Foment Martinenc Open"]
[Site "Barcelona ESP"]
[Date "2018.05.12"]
[Round "4.13"]
[White "Pera Muntasell, Marc"]
[Black "Moreno Oller, Victor"]
[Result "1/2-1/2"]
[WhiteElo "1883"]
[BlackElo "1727"]
[PlyCount "60"]
[EventDate "2018.04.21"]
[EventType "swiss"]
[EventRounds "9"]
[EventCountry "ESP"]
[SourceTitle "The Week in Chess 1227"]
[Source "Mark Crowther"]
[SourceDate "2018.05.14"]
[SourceVersion "1"]
[SourceVersionDate "2018.05.14"]
[SourceQuality "2"]

1. e4 c5 2. Nf3 Nc6 3. d4 cxd4 4. Nxd4 Nf6 5. Nc3 d6 6. Be2 e5 7. Nb3 Be7 8.
Be3 Be6 9. O-O O-O 10. f4 a5 11. f5 Bd7 12. a4 Nb4 13. g4 Bc6 14. Bf3 d5 15.
exd5 Nfxd5 16. Nxd5 Nxd5 17. Bf2 Bg5 18. Re1 Bf4 19. Qe2 Qc7 20. Nc5 e4 21.
Nxe4 Bxh2+ 22. Kh1 Nf4 23. Qf1 Nd5 24. Qh3 Be5 25. c3 Nf4 26. Qf1 Rad8 27. Qg1
Nh3 28. Qf1 Nf4 29. Qg1 Nh3 30. Qf1 Nf4 1/2-1/2

[Event "Regensburg Donau Cup 2nd"]
[Site "Regensburg"]
[Date "2018.05.11"]
[Round "4"]
[White "Troidl, Thomas"]
[Black "Schmid, Roland1"]
[Result "0-1"]
[WhiteElo "1925"]
[BlackElo "2247"]
[PlyCount "108"]
[EventDate "2018.05.09"]
[EventType "swiss"]
[EventRounds "7"]
[EventCountry "GER"]
[SourceTitle "OM OTB B 201907"]
[Source "Opening Master"]
[SourceDate "2019.07.06"]
[SourceVersion "2"]
[SourceVersionDate "2019.07.06"]
[SourceQuality "1"]

1. e4 c5 2. Nf3 d6 3. d4 cxd4 4. Nxd4 Nf6 5. Nc3 Nc6 6. Be2 e5 7. Nb3 Be7 8.
O-O O-O 9. Be3 a5 10. a3 a4 11. Nd2 Be6 12. Nc4 d5 13. exd5 Nxd5 14. Nxd5 Bxd5
15. Nb6 Ra5 16. c4 Be6 17. Qc2 Nd4 18. Bxd4 exd4 19. Nxa4 Bf5 20. Qb3 Ra6 21.
c5 d3 22. Bf3 Qa5 23. Nc3 Qxc5 24. Nd5 Bg5 25. Qxb7 Ra7 26. Qb3 Rd8 27. Nb4
Rad7 28. Qa4 d2 29. Nc6 Rc8 30. b4 Qc3 31. b5 Re8 32. Rad1 Rd6 33. b6 Bc2 34.
Qb5 Bd8 35. b7 Bc7 36. Nb4 Rde6 37. Nxc2 Qxc2 38. g3 Qc3 39. Qd7 Qxf3 40. Rxd2
Qxb7 41. Rc2 R6e7 42. Qd3 g6 43. Rc4 Bb6 44. Rc2 h5 45. a4 h4 46. h3 hxg3 47.
Qxg3 Re5 48. Rb2 Qe7 49. Rb5 Bc5 50. h4 Rh5 51. Rd1 Bd6 52. Qf3 Rxh4 53. Ra1
Qe6 54. a5 Qe1+ 0-1

[Event "BAN-ch U20"]
[Site "Dhaka"]
[Date "2018.05.10"]
[Round "6"]
[White "Nayem, Haque"]
[Black "Mohammad Fahad, Rahman"]
[Result "0-1"]
[WhiteElo "1954"]
[BlackElo "2296"]
[PlyCount "60"]
[EventDate "2018.05.05"]
[EventType "swiss"]
[EventRounds "8"]
[EventCountry "BAN"]
[SourceTitle "OM OTB B 201907"]
[Source "Opening Master"]
[SourceDate "2019.07.06"]
[SourceVersion "2"]
[SourceVersionDate "2019.07.06"]
[SourceQuality "1"]

1. e4 c5 2. Nf3 Nc6 3. Nc3 d6 4. d4 cxd4 5. Nxd4 Nf6 6. Be2 e5 7. Nb3 Be6 8.
Bg5 Be7 9. O-O O-O 10. Kh1 h6 11. Bxf6 Bxf6 12. Nd5 Bg5 13. f4 exf4 14. Nxf4
Bxf4 15. Rxf4 Qg5 16. Qf1 a5 17. c3 Qe5 18. Nd2 Ne7 19. Rf2 Ng6 20. Bc4 Rac8
21. Re1 a4 22. a3 Qc5 23. Be2 Ne5 24. h3 Qb6 25. Nf3 Qxb2 26. Nxe5 dxe5 27. Rb1
Qxa3 28. Rxb7 Rxc3 29. Bd1 Rc1 30. Kh2 Qd6 0-1

[Event "71st ch-ARG w 2018"]
[Site "Ushuaia ARG"]
[Date "2018.05.07"]
[Round "9.2"]
[White "Suito Nakasone, Catherine"]
[Black "Nejanky, M."]
[Result "0-1"]
[WhiteElo "1992"]
[BlackElo "2012"]
[PlyCount "174"]
[EventDate "2018.05.02"]
[EventType "tourn"]
[EventRounds "9"]
[EventCountry "ARG"]
[SourceTitle "The Week in Chess 1226"]
[Source "Mark Crowther"]
[SourceDate "2018.05.07"]
[SourceVersion "1"]
[SourceVersionDate "2018.05.07"]
[SourceQuality "2"]

1. e4 c5 2. Nf3 d6 3. d4 cxd4 4. Nxd4 Nf6 5. Nc3 Nc6 6. Be2 e5 7. Nf3 h6 8. h3
Be6 9. Bb5 Be7 10. Qd3 a6 11. Ba4 O-O 12. O-O Rc8 13. Rd1 Qc7 14. Bb3 Nb4 15.
Qd2 Bxb3 16. cxb3 d5 17. exd5 Rfd8 18. Qe2 Nbxd5 19. Nxd5 Nxd5 20. Qxe5 Qxe5
21. Nxe5 Rc2 22. Nf3 Bf6 23. Ne1 Re2 24. Kf1 Rde8 25. Nd3 Kh7 26. Be3 R2xe3 27.
fxe3 Nxe3+ 28. Kf2 Nxd1+ 29. Rxd1 Bd4+ 30. Kf1 Rc8 31. Rd2 Bf6 32. Kf2 Rd8 33.
Ke2 Re8+ 34. Kf1 Bh4 35. Nf2 Re7 36. Nd3 f5 37. Rd1 Rc7 38. Rd2 Bg5 39. Re2 Rd7
40. Nf2 Kg6 41. Ke1 Kf6 42. Rc2 Be3 43. Nd1 Bf4 44. Nc3 Bg3+ 45. Ke2 b5 46. Kf3
Be5 47. Ke2 Ke6 48. a4 Rc7 49. axb5 axb5 50. Kd3 b4 51. Na2 Rxc2 52. Kxc2 Bd6
53. Kd3 Kd5 54. Ke3 g5 55. Kd3 h5 56. Nc1 h4 57. Ne2 Be5 58. Ng1 Bxb2 59. Nf3
Bf6 60. Nh2 Be7 61. Ke3 Bc5+ 62. Kd3 Ke5 63. Nf3+ Kf4 64. Ke2 Be7 65. Nd4 g4
66. hxg4 fxg4 67. Kf1 Ke4 68. Ne6 Kd3 69. Kg1 Kc3 70. Nf4 Kxb3 71. Nd5 Bc5+ 72.
Kh2 Bd4 73. Kh1 Kc4 74. Nxb4 Kxb4 75. Kh2 Kc4 76. Kh1 Kd3 77. Kh2 Ke3 78. Kh1
Be5 79. Kg1 Kf4 80. Kh2 Kf5+ 81. Kg1 g3 82. Kh1 Kg4 83. Kg1 h3 84. Kh1 hxg2+
85. Kg1 Bd4+ 86. Kxg2 Be5 87. Kg1 Kf3 0-1

[Event "Vilnius Boksto op"]
[Site "Vilnius"]
[Date "2018.05.06"]
[Round "7"]
[White "Zirnovas, Martynas"]
[Black "Pidluznij, Gleb"]
[Result "0-1"]
[WhiteElo "1856"]
[BlackElo "1848"]
[PlyCount "68"]
[EventDate "2018.04.08"]
[EventType "swiss"]
[EventRounds "7"]
[EventCountry "LTU"]
[SourceTitle "OM OTB B 201907"]
[Source "Opening Master"]
[SourceDate "2019.07.06"]
[SourceVersion "2"]
[SourceVersionDate "2019.07.06"]
[SourceQuality "1"]

1. e4 c5 2. Nf3 Nc6 3. d4 cxd4 4. Nxd4 Nf6 5. Nc3 d6 6. Be2 e5 7. Nxc6 bxc6 8.
O-O Be7 9. Kh1 O-O 10. f4 exf4 11. Bxf4 Be6 12. Qe1 Qb6 13. Qg3 Rfd8 14. Bg5
Kh8 15. Rf4 Qd4 16. e5 Qxe5 17. Bh4 h6 18. Bxf6 Bxf6 19. Qf2 d5 20. Re1 Bg5 21.
Rf3 d4 22. Bd3 Qa5 23. Ne4 Be3 24. Qg3 f5 25. Nd6 Bd5 26. Rxf5 Rxd6 27. Qxd6
Qxe1+ 28. Rf1 Qd2 29. Rf8+ Rxf8 30. Qxf8+ Bg8 31. h3 Bf4 32. Kg1 Qe1+ 33. Bf1
Be3+ 34. Kh2 Bf2 0-1

[Event "SVK-chT U20 final"]
[Site "Trnava"]
[Date "2018.05.04"]
[Round "1.4"]
[White "Majirska, Karin"]
[Black "Vojtkova, Linda"]
[Result "1/2-1/2"]
[WhiteElo "1585"]
[BlackElo "1439"]
[PlyCount "51"]
[EventDate "2018.05.04"]
[EventType "team-tourn"]
[EventRounds "5"]
[EventCountry "SVK"]
[SourceTitle "OM OTB B 201907"]
[Source "Opening Master"]
[SourceDate "2019.07.06"]
[SourceVersion "2"]
[SourceVersionDate "2019.07.06"]
[SourceQuality "1"]
[WhiteTeam "Michalovce Zemplin Junior"]
[BlackTeam "Modranka Komplet"]
[WhiteTeamCountry "SVK"]
[BlackTeamCountry "SVK"]

1. e4 c5 2. Nf3 Nc6 3. Nc3 d6 4. d4 cxd4 5. Nxd4 Nf6 6. Be2 e5 7. Nb3 Be7 8.
Be3 O-O 9. Qd2 Be6 10. O-O-O Qd7 11. f4 exf4 12. Bxf4 Ne5 13. h3 Rfd8 14. Nd4
a6 15. Nxe6 Qxe6 16. a3 Ng6 17. Bd3 Nxf4 18. Qxf4 Qe5 19. Ne2 Rac8 20. Rhf1 b5
21. Nc3 Rf8 22. Be2 Rcd8 23. Bd3 Rc8 24. Be2 Rcd8 25. Bd3 Rc8 26. Be2 1/2-1/2

[Event "28th ch-SLO 2018"]
[Site "Ljubljana SLO"]
[Date "2018.04.30"]
[Round "5.13"]
[White "Kuhar, Larisa"]
[Black "Gombac, Jan"]
[Result "1-0"]
[WhiteElo "1799"]
[BlackElo "2303"]
[PlyCount "142"]
[EventDate "2018.04.27"]
[EventType "swiss"]
[EventRounds "9"]
[EventCountry "SLO"]
[SourceTitle "The Week in Chess 1225"]
[Source "Mark Crowther"]
[SourceDate "2018.04.30"]
[SourceVersion "1"]
[SourceVersionDate "2018.04.30"]
[SourceQuality "2"]

1. e4 c5 2. Nf3 d6 3. d4 cxd4 4. Nxd4 Nf6 5. Nc3 Nc6 6. Be2 e5 7. Nb3 Be7 8.
O-O O-O 9. Re1 Be6 10. Bf3 Nb8 11. Be3 Nbd7 12. a4 Nb6 13. Nd2 Nc4 14. Nxc4
Bxc4 15. b3 Be6 16. Qd3 Rc8 17. Na2 a6 18. c4 Ne8 19. Nc3 Bg5 20. Red1 Bxe3 21.
Qxe3 Qc7 22. Rd2 Nf6 23. Rad1 Rfd8 24. h3 Kf8 25. Rd3 h6 26. R3d2 Ke7 27. Rd3
Qc5 28. Qd2 Rc6 29. Kh1 Kf8 30. Kg1 Qb4 31. Rb1 Nd7 32. Nd5 Qxd2 33. Rxd2 Bxd5
34. Rxd5 Nc5 35. a5 Ke7 36. Kf1 Ne6 37. Ke1 Nc7 38. Rd2 Rc5 39. Ra1 Ne6 40. Be2
Nd4 41. Rb2 g6 42. b4 Rc7 43. Bd3 Rf8 44. f3 f5 45. b5 Ne6 46. Kd2 Nc5 47. Ke3
Ke6 48. Rd1 f4+ 49. Ke2 g5 50. Rg1 Rg7 51. g4 fxg3 52. Rxg3 Rgf7 53. Bb1 Rf4
54. Rc2 Kd7 55. Rc3 Ne6 56. bxa6 bxa6 57. Kf2 Rb8 58. Bc2 Rb2 59. Ke1 Kc6 60.
Ba4+ Kc5 61. Bd1 Nd4 62. Rc1 Rf8 63. Kf1 Rfb8 64. h4 gxh4 65. Rh3 Rg8 66. Rxh4
Rbg2 67. Rg4 R8xg4 68. fxg4 Ra2 69. Rc3 Rd2 70. Ke1 Rh2 71. Kf1 Rh1+ 1-0

[Event "12th Agzamov Mem 2018"]
[Site "Tashkent UZB"]
[Date "2018.04.29"]
[Round "8.7"]
[White "Dzhumaev, M."]
[Black "Faizulaev, A."]
[Result "0-1"]
[WhiteElo "2451"]
[BlackElo "2382"]
[PlyCount "110"]
[EventDate "2018.04.23"]
[EventType "swiss"]
[EventRounds "9"]
[EventCountry "UZB"]
[SourceTitle "The Week in Chess 1225"]
[Source "Mark Crowther"]
[SourceDate "2018.04.30"]
[SourceVersion "1"]
[SourceVersionDate "2018.04.30"]
[SourceQuality "2"]

1. e4 c5 2. Nf3 d6 3. d4 cxd4 4. Nxd4 Nf6 5. Nc3 Nc6 6. Be2 e5 7. Nf3 h6 8. O-O
Be7 9. Re1 O-O 10. h3 Be6 11. Bf1 Ne8 12. Nd5 f5 13. exf5 Bxf5 14. Bd3 Qd7 15.
c4 Bd8 16. Bxf5 Qxf5 17. Be3 Rf7 18. Qb3 Rc8 19. Rac1 Nf6 20. Red1 Nd7 21. Qc2
Qe6 22. Qe4 Nc5 23. Bxc5 dxc5 24. Re1 Ba5 25. Re3 Rcf8 26. Rf1 Re8 27. a3 Qd6
28. h4 Rff8 29. h5 Bd8 30. Rfe1 Re6 31. Qg4 Rfe8 32. Nd2 Nd4 33. Ne4 Qf8 34.
Rg3 b6 35. b4 cxb4 36. axb4 Rc6 37. Qd7 Ree6 38. c5 bxc5 39. bxc5 Be7 40. Qxa7
Bxc5 41. Qb7 Kh8 42. Kh2 Be7 43. Ra1 Rc8 44. Ra7 Rb8 45. Qc7 Rc8 46. Qxe7 Rxe7
47. Nxe7 Qe8 48. Ng6+ Kg8 49. Ne7+ Kh8 50. Nxc8 Qxc8 51. Rgxg7 Qf5 52. Ng3 Qxf2
53. Kh3 Ne6 54. Rg6 Nf4+ 55. Kg4 Qxa7 0-1

[Event "ch-KAZ Women 2018"]
[Site "Almaty KAZ"]
[Date "2018.04.28"]
[Round "9.3"]
[White "Dauletova, G."]
[Black "Kurmangalieva, Liya"]
[Result "1-0"]
[WhiteElo "2295"]
[BlackElo "1725"]
[PlyCount "67"]
[EventDate "2018.04.20"]
[EventType "tourn"]
[EventRounds "9"]
[EventCountry "KAZ"]
[SourceTitle "The Week in Chess 1225"]
[Source "Mark Crowther"]
[SourceDate "2018.04.30"]
[SourceVersion "1"]
[SourceVersionDate "2018.04.30"]
[SourceQuality "2"]

1. e4 c5 2. Nf3 Nc6 3. d4 cxd4 4. Nxd4 Nf6 5. Nc3 d6 6. Be2 e5 7. Nf3 h6 8. O-O
Be7 9. h3 O-O 10. Re1 Be6 11. Bf1 Rc8 12. Nd5 Bxd5 13. exd5 Nb8 14. c4 Nbd7 15.
b4 b6 16. Bb2 Ne8 17. Qe2 f5 18. Nd4 Nc7 19. Nc6 Qe8 20. Nxa7 Ra8 21. Nc6 Bg5
22. a4 Nf6 23. Qc2 Nh5 24. Bd4 Nf4 25. Bxb6 Nce6 26. Ra3 g6 27. b5 Ng7 28. a5
e4 29. Bd4 Qd7 30. a6 Rfe8 31. b6 Rac8 32. b7 Rxc6 33. dxc6 Qxc6 34. Qb2 1-0

[Event "ch-CHN Women 2018"]
[Site "Xinghua CHN"]
[Date "2018.04.22"]
[Round "5.1"]
[White "Liu, Manli"]
[Black "Li Xueyi"]
[Result "1-0"]
[WhiteElo "2183"]
[BlackElo "2275"]
[PlyCount "71"]
[EventDate "2018.04.18"]
[SourceTitle "OM OTB B 201907"]
[Source "Opening Master"]
[SourceDate "2019.07.06"]
[SourceVersion "2"]
[SourceVersionDate "2019.07.06"]
[SourceQuality "1"]

1. e4 c5 2. Nf3 d6 3. d4 cxd4 4. Nxd4 Nf6 5. Nc3 Nc6 6. Be2 e5 7. Nb3 Be7 8.
Bg5 O-O 9. Bxf6 Bxf6 10. Nd5 Bg5 11. Bc4 Be6 12. h4 Be7 13. g3 Rc8 14. c3 Kh8
15. Ne3 Bxc4 16. Nxc4 f5 17. exf5 d5 18. Ne3 d4 19. Ng2 a5 20. O-O a4 21. Nc1
a3 22. Qe2 Bf6 23. Rb1 Re8 24. cxd4 exd4 25. Qd1 Ne5 26. Nf4 Qd7 27. Ncd3 Nc4
28. bxa3 Qxf5 29. Rxb7 Qa5 30. Qg4 Qa8 31. Rfb1 Nd2 32. Qh5 Rcd8 33. R1b5 Ne4
34. Ng6+ Kg8 35. Qxh7+ Kxh7 36. Rh5+ 1-0

[Event "OP-04570"]
[Site "LSS"]
[Date "2018.04.17"]
[Round "?"]
[White "Shim Ng Min, Francis"]
[Black "Tarasov, GrigoryAleksandr'ch"]
[Result "0-1"]
[WhiteElo "1173"]
[BlackElo "2203"]
[PlyCount "53"]
[EventDate "2018.04.08"]
[SourceTitle "LSS to Dec2020"]
[Source "LSS ed TH"]
[SourceDate "2021.01.12"]
[SourceVersion "3"]
[SourceVersionDate "2021.01.12"]
[SourceQuality "1"]

1. e4 c5 2. Nf3 d6 3. d4 cxd4 4. Nxd4 Nf6 5. Nc3 Nc6 6. Be2 e5 7. Nb3 Be7 8.
O-O O-O 9. f4 a5 10. a4 Nb4 11. Kh1 b6 12. Bf3 Bb7 13. Be3 Re8 14. fxe5 dxe5
15. Qxd8 Bxd8 16. Rac1 Rc8 17. h3 h6 18. Rf2 Rxc3 19. bxc3 Na2 20. Rd1 Nxc3 21.
Rxd8 Rxd8 22. Bxb6 Rc8 23. Nxa5 Bxe4 24. Bxe4 Nfxe4 25. Rf3 Nxa4 26. Re3 Nec3
27. Rxe5 0-1

[Event "Kathmandu op"]
[Site "Kathmandu"]
[Date "2018.04.16"]
[Round "8"]
[White "Srijit, Paul1"]
[Black "Greenfeld, Alon"]
[Result "0-1"]
[WhiteElo "2351"]
[BlackElo "2490"]
[PlyCount "68"]
[EventDate "2018.04.13"]
[EventType "swiss"]
[EventRounds "9"]
[EventCountry "NEP"]
[SourceTitle "OM OTB B 201907"]
[Source "Opening Master"]
[SourceDate "2019.07.06"]
[SourceVersion "2"]
[SourceVersionDate "2019.07.06"]
[SourceQuality "1"]

1. e4 c5 2. Nf3 d6 3. d4 cxd4 4. Nxd4 Nf6 5. Nc3 Nc6 6. Be2 e5 7. Nf3 h6 8. O-O
Be7 9. Re1 O-O 10. h3 a6 11. a4 Be6 12. Bf1 Qc7 13. Nd5 Bxd5 14. exd5 Nb4 15.
c4 a5 16. Bd2 Rfe8 17. Ra3 Qd7 18. Nh2 Qf5 19. Ng4 Nxg4 20. hxg4 Qg6 21. Rh3
Bg5 22. Bxb4 axb4 23. Qb3 e4 24. Qxb4 Qf6 25. Be2 Bf4 26. b3 Qb2 27. Qb6 Rxa4
28. g3 Be5 29. Qxb7 Ra1 30. Rxa1 Qxa1+ 31. Bf1 Bd4 32. Qd7 Re5 33. Rh5 Qc3 34.
Rxe5 Qxg3+ 0-1

[Event "TCh-EUR Senior +50 2018"]
[Site "Walbrzych POL"]
[Date "2018.04.15"]
[Round "2.2"]
[White "Kowalczuk, W."]
[Black "Wagner Michel, A."]
[Result "0-1"]
[WhiteElo "2049"]
[BlackElo "2104"]
[PlyCount "119"]
[EventDate "2018.04.14"]
[SourceTitle "OM OTB B 201907"]
[Source "Opening Master"]
[SourceDate "2019.07.06"]
[SourceVersion "2"]
[SourceVersionDate "2019.07.06"]
[SourceQuality "1"]
[WhiteTeam "POLAND - Walbrzych"]
[BlackTeam "GERMANY WOMEN"]

1. e4 c5 2. Nf3 Nc6 3. d4 cxd4 4. Nxd4 Nf6 5. Nc3 d6 6. Be2 e5 7. Nb3 Be7 8.
Be3 a5 9. a4 Be6 10. O-O O-O 11. Bf3 Nb4 12. Re1 Rc8 13. Rc1 h6 14. h3 Re8 15.
Qd2 Bc4 16. Red1 Nd3 17. Rb1 Nb4 18. Rbc1 b6 19. Be2 Bxe2 20. Qxe2 Rxc3 21.
bxc3 Na2 22. f3 Nxc1 23. Nxc1 Qc7 24. Qf2 Nd7 25. Ne2 Qc4 26. Rd2 Qxa4 27. Bxb6
Nxb6 28. Qxb6 Qa1+ 29. Kh2 Qe1 30. Qb5 Kf8 31. Qd3 Rd8 32. Rd1 Qf2 33. Ng3 g6
34. Rf1 Qc5 35. Ne2 d5 36. exd5 Rxd5 37. Qa6 Rd2 38. Ng3 Qc7 39. Ne4 Rd8 40. g3
Kg7 41. g4 Rd7 42. Rf2 Rd1 43. Kg2 Bh4 44. Re2 f5 45. Nf2 e4 46. Nxd1 exf3+ 47.
Kf1 fxe2+ 48. Kxe2 Qh2+ 49. Kd3 Qxh3+ 50. Ne3 Bf2 51. Qa7+ Kf6 52. Qd4+ Kg5 53.
Qd8+ Kf4 54. Qd6+ Kf3 55. Qc6+ Kg3 56. gxf5 gxf5 57. Qd6+ f4 58. Qg6+ Kh2 59.
Qxh6 Bxe3 60. Qh4 0-1

[Event "19th ch-EUR Indiv w 2018"]
[Site "Vysoke Tatry SVK"]
[Date "2018.04.13"]
[Round "6.59"]
[White "Froewis, A."]
[Black "Sliwicka, Alicja"]
[Result "0-1"]
[WhiteElo "2113"]
[BlackElo "2329"]
[PlyCount "114"]
[EventDate "2018.04.08"]
[SourceTitle "OM OTB B 201907"]
[Source "Opening Master"]
[SourceDate "2019.07.06"]
[SourceVersion "2"]
[SourceVersionDate "2019.07.06"]
[SourceQuality "1"]

1. e4 c5 2. Nf3 Nc6 3. d4 cxd4 4. Nxd4 Nf6 5. Nc3 d6 6. Be2 e5 7. Nb3 Be7 8.
O-O a5 9. a4 O-O 10. Be3 Nb4 11. Bg5 Be6 12. Bxf6 Bxf6 13. Nb5 Rc8 14. c3 Na6
15. Bg4 Be7 16. Bxe6 fxe6 17. Qg4 Rf6 18. Rad1 Nc7 19. Qe2 Nxb5 20. Qxb5 b6 21.
Rd3 Qc7 22. Nd2 Rg6 23. b3 Qb7 24. Re1 Rc6 25. Nc4 Qc7 26. Red1 Rf6 27. Qa6 Rf8
28. h3 b5 29. Qxb5 Rb8 30. Qxa5 Rxc4 31. Qxc7 Rxc7 32. b4 Ra7 33. a5 Kf7 34.
Kf1 Ke8 35. Ke2 Kd7 36. Kd2 Kc6 37. Kc2 Rd7 38. Rb1 d5 39. c4 Bxb4 40. cxd5+
exd5 41. exd5+ Rxd5 42. Rxd5 Kxd5 43. a6 Bd6 44. a7 Ra8 45. Rb7 Bc5 46. Rxg7
Rxa7 47. Rxa7 Bxa7 48. f3 Bf2 49. Kd3 Bg3 50. Ke3 h5 51. Kd3 h4 52. Ke3 Bh2 53.
Kd3 Bg1 54. Ke2 Ke6 55. Kf1 Bd4 56. g4 hxg3 57. Kg2 Bf2 0-1

[Event "CHN-chT"]
[Site "China"]
[Date "2018.04.12"]
[Round "2.1"]
[White "Liang, Jinrong"]
[Black "Gao, Rui"]
[Result "1/2-1/2"]
[WhiteElo "2465"]
[BlackElo "2566"]
[PlyCount "92"]
[EventDate "2018.04.11"]
[EventType "team-tourn"]
[EventRounds "22"]
[EventCountry "CHN"]
[SourceTitle "OM OTB B 201907"]
[Source "Opening Master"]
[SourceDate "2019.07.06"]
[SourceVersion "2"]
[SourceVersionDate "2019.07.06"]
[SourceQuality "1"]
[WhiteTeam "Guangdong Ding Xin"]
[BlackTeam "Hangzhou Bank"]
[WhiteTeamCountry "CHN"]
[BlackTeamCountry "CHN"]

1. e4 c5 2. Nf3 Nc6 3. d4 cxd4 4. Nxd4 Nf6 5. Nc3 d6 6. Be2 e5 7. Nb3 Be7 8.
Bg5 O-O 9. Bxf6 Bxf6 10. Nd5 Bg5 11. O-O Be6 12. c3 Rc8 13. Bg4 Qd7 14. h3 g6
15. Bf3 Ne7 16. Nxe7+ Bxe7 17. Bg4 Bd8 18. Bxe6 fxe6 19. Nd2 Bb6 20. Nf3 Qc6
21. Qd3 Rf4 22. Rad1 Rd8 23. Rfe1 Kg7 24. Re2 a5 25. Rdd2 h6 26. b3 g5 27. a4
Kf7 28. g3 Rf6 29. Nh2 h5 30. Nf3 Rg8 31. Kg2 Ke7 32. Rc2 g4 33. hxg4 hxg4 34.
Nh2 Qe8 35. Qb5 Qh5 36. Qxb6 Qh3+ 37. Kg1 Rh6 38. Qxb7+ Kf6 39. Re3 Qxh2+ 40.
Kf1 Qh1+ 41. Ke2 Qb1 42. Kd3 Qd1+ 43. Rd2 Qb1+ 44. Rc2 Qd1+ 45. Rd2 Qb1+ 46.
Kc4 Rh7 1/2-1/2

[Event "Yingmei CHN-chT 2018"]
[Site "Shenzhen"]
[Date "2018.04.12"]
[Round "2"]
[White "Liang, Jinrong"]
[Black "Gao, Rui"]
[Result "1/2-1/2"]
[WhiteElo "2465"]
[BlackElo "2566"]
[PlyCount "95"]
[EventDate "2018.??.??"]
[EventCountry "CHN"]
[SourceTitle "playchess.com"]
[Source "ChessBase"]
[SourceQuality "1"]

1. e4 c5 2. Nf3 Nc6 3. d4 cxd4 4. Nxd4 Nf6 5. Nc3 d6 6. Be2 e5 7. Nb3 Be7 8.
Bg5 O-O 9. Bxf6 Bxf6 10. Nd5 Bg5 11. O-O Be6 12. c3 Rc8 13. Bg4 Qd7 14. h3 g6
15. Bf3 Ne7 16. Nxe7+ Bxe7 17. Bg4 Bd8 18. Bxe6 fxe6 19. Nd2 Bb6 20. Nf3 Qc6
21. Qd3 Rf4 22. Rad1 Rd8 23. Rfe1 Kg7 24. Re2 a5 25. Rdd2 h6 26. b3 g5 27. a4
Kf7 28. g3 Rf6 29. Nh2 h5 30. Nf3 Rg8 31. Kg2 Ke7 32. Rc2 g4 33. hxg4 hxg4 34.
Nh2 Qe8 35. Qb5 Qh5 36. Qxb6 Qh3+ 37. Kg1 Rh6 38. Qxb7+ Kf6 39. Re3 Qxh2+ 40.
Kf1 Qh1+ 41. Ke2 Qb1 42. Kd3 Qd1+ 43. Rd2 Qb1+ 44. Rc2 Qd1+ 45. Rd2 Qb1+ 46.
Kc4 Rh7 47. Rc2 Rhh8 48. Qb6 1/2-1/2

[Event "SRB-ch U14 Girls"]
[Site "Novi Sad"]
[Date "2018.04.04"]
[Round "4"]
[White "Bilic, Marijana"]
[Black "Dimitrijevic, Andjela"]
[Result "1/2-1/2"]
[WhiteElo "1804"]
[BlackElo "1740"]
[PlyCount "103"]
[EventDate "2018.04.02"]
[EventType "swiss"]
[EventRounds "9"]
[EventCountry "SRB"]
[SourceTitle "OM OTB B 201907"]
[Source "Opening Master"]
[SourceDate "2019.07.06"]
[SourceVersion "2"]
[SourceVersionDate "2019.07.06"]
[SourceQuality "1"]

1. e4 c5 2. Nf3 d6 3. d4 cxd4 4. Nxd4 Nf6 5. Nc3 Nc6 6. Be2 e5 7. Nf3 h6 8. h3
Be6 9. O-O Be7 10. Re1 O-O 11. Bf1 Rc8 12. Nd5 Nb8 13. c4 Na6 14. Nd2 Bd7 15.
a3 Nc5 16. b4 Na4 17. Nb3 a6 18. Nxf6+ Bxf6 19. Qxd6 Be6 20. Qxd8 Rfxd8 21. Nd2
Rb8 22. c5 Bd7 23. Nf3 Bc6 24. Nh2 Be7 25. Ng4 f6 26. f3 Kf8 27. Be3 Bb5 28.
Nf2 Ke8 29. Nh1 Kf7 30. Ng3 Bf8 31. Nf5 Rd7 32. Be2 Nc3 33. Bd1 Nxd1 34. Rexd1
Rxd1+ 35. Rxd1 Ke8 36. Kf2 Kf7 37. Rd2 Ke6 38. Rd1 Kf7 39. Bc1 a5 40. Nd6+ Bxd6
41. Rxd6 axb4 42. axb4 Bc6 43. Rd2 Ra8 44. Rb2 Bb5 45. Bd2 Ke6 46. Be1 Kf7 47.
Kg3 g5 48. Kg4 Ra6 49. Bf2 Kg6 50. Kg3 Ra8 51. Be3 Ra6 52. Kf2 1/2-1/2

[Event "ITA-ch semiblitz"]
[Site "Chianciano Terme"]
[Date "2018.04.02"]
[Round "5"]
[White "Gilevich, Artem"]
[Black "Frigieri, Fabrizio"]
[Result "1-0"]
[WhiteElo "2407"]
[BlackElo "2182"]
[PlyCount "133"]
[EventDate "2018.04.02"]
[EventType "swiss (rapid)"]
[EventRounds "9"]
[EventCountry "ITA"]
[SourceTitle "OM OTB B 201907"]
[Source "Opening Master"]
[SourceDate "2019.07.06"]
[SourceVersion "2"]
[SourceVersionDate "2019.07.06"]
[SourceQuality "1"]

1. e4 c5 2. Nf3 d6 3. d4 cxd4 4. Nxd4 Nf6 5. Nc3 Nc6 6. Be2 e5 7. Nb3 h6 8. Be3
Be6 9. Qd2 d5 10. exd5 Nxd5 11. Nxd5 Qxd5 12. O-O-O Qxd2+ 13. Rxd2 Rd8 14. Rhd1
Rxd2 15. Rxd2 Be7 16. Nc5 Bc8 17. Bf3 O-O 18. Nd7 Rd8 19. Bxc6 bxc6 20. Nxe5
Rxd2 21. Kxd2 c5 22. Nd3 c4 23. Ne5 Be6 24. Bxa7 Bd6 25. Bd4 f6 26. Nf3 Bd5 27.
Ke2 Kf7 28. g3 Ke6 29. Nd2 g5 30. Nb1 Be4 31. Kd2 Bb4+ 32. Nc3 h5 33. a3 Ba5
34. b4 cxb3 35. cxb3 Bxc3+ 36. Bxc3 f5 37. Ke3 Bc2 38. b4 Ba4 39. Kd4 Kd6 40.
Bd2 g4 41. Bf4+ Kc6 42. Ke5 Bc2 43. Kf6 Kb5 44. Kg5 Ka4 45. Bc1 Bd3 46. Kxh5
Kb3 47. Kg5 Kc2 48. Be3 Kb3 49. Bc5 Kxa3 50. b5+ Ka4 51. b6 Be4 52. Kh4 Kb5 53.
Be3 Kc6 54. h3 gxh3 55. Kxh3 Bf3 56. Kh4 Kb7 57. Kg5 Be4 58. Kf4 Bd3 59. f3 Kc6
60. g4 fxg4 61. fxg4 Ba6 62. Ke5 Kd7 63. Kf6 Ke8 64. Bc5 Kd7 65. g5 Kc8 66. g6
Bc4 67. Ke7 1-0